00428 2200169 4500245006500000020002200065250001100087100001500098700001200113650001700125005001900142260003800161041001400199084001100213300002500224336000900249 aBunga Rangkai b : Seri Wirausahawan MudacDeden M. ShText a978-602-8261-21-0 aCet. 1 aDeden M. S aRukmini aWirausahawan a20230302090915 aDepokbBinamuda Ciptakreasic2013 aIndonesia a338.04 avi, 65 hlm. :cilus. atext